000
00327nam a22001457a 4500
008
210602b ||||| |||| 00| 0 eng d
020
_a
9780205744121
041
_a
eng
080
_2
5th
_a
004
082
_a
004
100
_a
28
101
_a
SHKI
245
_a
The new Century Handbook
_c
Christine A. Hult
942
_2
udc
_c
BK
999
_c
57917
_d
57917